000 00281nam a22001217a 4500
999 _c67109
_d67106
082 _aHIB
100 _aHibbler, R.C
245 _aEngineering Mechanics Static & Dynamic
250 _a7th Edition
260 _aDelhi
_bDelhi institute of Technology
300 _a838p
942 _cBK